Environmental regulation and the U.S. economy (Registro nro. 2758)

Detalles MARC
000 -CABECERA
Campo de control 00866nam a2200277 a 4500
005 - FECHA Y HORA DE LA ULTIMA TRANSACCION
Campo de control 20200104041535.0
008 - ELEMENTOS DE LONGITUD FIJA—INFORMACION GENERAL
Campo de control 140306t1981 mduad fr|||| 001 0 eng d
020 ## - ISBN
ISBN 0801827124
040 ## - FUENTE DE CATALOGACIÓN
Agencia catalogadora original CO-BoIAVH
Agencia transcriptora CO-BoIAVH
041 0# - IDIOMA
Código de idioma para texto/pista de sonido o título separado Inglés
044 ## - PAÍS DE PUBLICACIÓN
País de publicación Estados Unidos
082 04 - NUMERO DE CLASIFICACION DECIMAL DEWEY
Número de clasificación 363.70561
Número del ítem P85e
100 1# - ASIENTO PRINCIPAL--NOMBRE PERSONAL
Nombre personal Portney, Paul R.
9 (RLIN) 17198
245 10 - MENCION DE TITULO
Título Environmental regulation and the U.S. economy
260 ## - PUBLICACION, DISTRIBUCION, ETC. (PIE DE IMPRENTA)
Lugar de publicación, distribución, etc. Baltimore :
Nombre del editor, distribuidor, etc. Resources for the Future ,
Fecha de publicación, distribución, etc. 1981.
300 ## - DESCRIPCION FISICA
Extensión 163 páginas :
Otros detalles físicos Ilustraciones, gráficos;
Dimensiones 23 x 16 cm.
500 ## - NOTA GENERAL
Nota general Incluye índice.
650 16 - ASIENTO SECUNDARIO DE MATERIA - TERMINO TEMATICO
Término temático o nombre geográfico como elemento de entrada Política ambiental
9 (RLIN) 60147
650 26 - ASIENTO SECUNDARIO DE MATERIA - TERMINO TEMATICO
Término temático o nombre geográfico como elemento de entrada Economía ambiental
9 (RLIN) 60148
650 26 - ASIENTO SECUNDARIO DE MATERIA - TERMINO TEMATICO
Término temático o nombre geográfico como elemento de entrada Regulaciones ambientales
9 (RLIN) 17324
650 26 - ASIENTO SECUNDARIO DE MATERIA - TERMINO TEMATICO
Término temático o nombre geográfico como elemento de entrada Protección del medio ambiente
9 (RLIN) 271
662 ## - ASIENTO SECUNDARIO DE MATERIA - JERARQUIA DEL NOMBRE DE LUGAR(
País o entidad mayor Estados Unidos
700 1# - ASIENTO SECUNDARIO - NOMBRE PERSONAL
Nombre personal Kneese, Allen V.
9 (RLIN) 17290
700 1# - ASIENTO SECUNDARIO - NOMBRE PERSONAL
Nombre personal Peskin, Henry M.
9 (RLIN) 17326
942 ## - ELEMENTOS ADICIONALES (KOHA)
Tipo de ítem Libro
Sistema de clasificación Dewey Decimal Classification
Existencias
Withdrawn status Lost status Sistema de Clasificación Damaged status No para préstamo Colección Inventariado Ubicación Permanente Ubicación actual Fecha de adquisición Fuente de Valor Valor Total Checkouts Número topográfico Inventario / Código de Barras Date last seen Ejemplar Price effective from Forma de adquisición Tipo de material
    Dewey Decimal Classification     General Inventariado 2017 Bogotá Bogotá 18/06/2002 Amazon 20000.00   LB-363.70561 P85e 004952 04/12/2012 Ej. 1 04/12/2012 Compra Libro